Problémes pedagogiques (Record no. 65493)

MARC details
000 -LEADER
campo de control de longitud fija 00395nam a2200145 i 4500
001 - NÚMERO DE CONTROL
campo de control 65493
003 - IDENTIFICADOR DE NÚMERO DE CONTROL
campo de control ES-MaACL
007 - CAMPO FIJO DE DESCRIPCIÓN FÍSICA--INFORMACIÓN GENERAL
campo de control de longitud fija t|
008 - DATOS DE LONGITUD FIJA--INFORMACIÓN GENERAL
campo de control de longitud fija 040114s1913 fr ||||1| fre d
100 1# - ENTRADA PRINCIPAL--NOMBRE DE PERSONA
Nombre de persona Friedel, V.-H.
9 (RLIN) 52618
245 10 - MENCIÓN DEL TÍTULO
Título Problémes pedagogiques
Resto del título : notes et documents /
Mención de responsabilidad, etc. V.-H. Friedel.
260 ## - PUBLICACIÓN, DISTRIBUCIÓN, ETC.
Lugar de publicación, distribución, etc. Paris :
Nombre del editor, distribuidor, etc. G. Roustan,
Fecha de publicación, distribución, etc. 1913.
300 ## - DESCRIPCIÓN FÍSICA
Extensión 342 p. ;
Dimensiones 19 cm.
852 ## - LOCALIZACIÓN
Ubicación ES-MaACL
Número de control de estantería G-1825
Holdings
Estatus retirado Estado de pérdida Estado de daño No para préstamo Biblioteca de origen Biblioteca actual Ubicación en estantería Fecha de adquisición Fuente de adquisición Total de préstamos Signatura topográfica completa Código de barras Visto por última vez Precio de reemplazo Tipo de ítem Koha
        Biblioteca del Ateneo de Madrid Biblioteca del Ateneo de Madrid Depósito 2 17/01/2008     G-1825 1068618 23/02/2023 23/02/2023 Libro impreso